Louis Pasteur
| Main Author: | |
|---|---|
| Format: | Book |
| Published: |
London :
Franklin Watts ,
1991
|
| Series: | Lifetimes
|
| Subjects: |
MARC
| LEADER | 00000cam a2200000 7i4500 | ||
|---|---|---|---|
| 001 | 0000005482 | ||
| 002 | 000005926 | ||
| 005 | 20060126.0 | ||
| 020 | |a 0749601590 | ||
| 090 | 0 | 0 | |a 920 |b TAM |
| 100 | 1 | |a Tames, Richard | |
| 245 | 1 | 0 | |a Louis Pasteur |c Richard Tames |
| 260 | |a London : |b Franklin Watts , |c 1991 | ||
| 300 | |a 32p. ; |c 27cm. | ||
| 490 | 0 | |a Lifetimes | |
| 650 | 0 | 0 | |a Pasteur, Louis |x Biographies |
| 999 | |a 027064 |b BUKU |c JUNIOR BOOKS |e PERPUSTAKAAN KOMUNITI PETALING JAYA | ||